01486nam a22003494a 4500001001200000003000800012006001900020007001500039008004100054010001700095020002800112040002100140035002000161050002500181082001400206100002300220245019000243246003600433260004500469300002900514504005100543533015200594650002700746650004400773650004500817650003800862651004100900655002900941700002300970710001700993856012601010ebr10020880CaPaEBRm u cr cn|||||||||000419s2001 ctuab sb 001 0 eng  z 00031204  z0897897625 (alk. paper) aCaPaEBRcCaPaEBR a(OCoLC)7076367014aGN671.N5bS86 2001eb04a306.42211 aStewart, Pamela J.10aHumors and substancesh[electronic resource] :bideas of the body in New Guinea /cPamela J. Stewart and Andrew Strathern ; with contributions by Ien Courtens and Dianne van Oosterhout.30aIdeas of the body in New Guinea aWestport, Ct. :bBergin & Garvey,c2001. ax, 156 p. :bill., maps. aIncludes bibliographical references and index. aElectronic reproduction.bPalo Alto, Calif. :cebrary,d2013.nAvailable via World Wide Web.nAccess may be limited to ebrary affiliated libraries. 0aEthnologyzNew Guinea. 0aHuman bodyxSocial aspectszNew Guinea. 0aBody fluidsxSocial aspectszNew Guinea. 0aRites and ceremonieszNew Guinea. 0aNew GuineaxSocial life and customs. 7aElectronic books.2local1 aStrathern, Andrew.2 aebrary, Inc.40uhttp://site.ebrary.com/lib/rucke/Doc?id=10020880zAn electronic book accessible through the World Wide Web; click to view